| 000 | 00783cam a2200217 4500 | ||
|---|---|---|---|
| 001 | WB3621-31 | ||
| 008 | 000000n2000 000 0 eng u | ||
| 035 | _a(Sirsi) u106112 | ||
| 245 | _aParking levy fails | ||
| 260 | _c2000 | ||
| 490 |
_aFinancial Times _v26 May 2000, 7(1) |
||
| 520 | _aA plan to introduce a workplace parking levy across the West Midlands has collapsed due to lack of support from local councillors. The city of Birmingham is planning to set up toll booths on the city ring road charging drivers for admission to the city instead. | ||
| 590 | _aWB | ||
| 650 | _aBIRMINGHAM | ||
| 650 | _aWEST MIDLANDS | ||
| 650 | _aPARKING CHARGES | ||
| 650 | _aROAD CHARGING SCHEMES | ||
| 650 | _aROAD TOLLS | ||
| 690 | _aTRANSPORT AND COMMUNICATIONS | ||
| 942 | _n0 | ||
| 999 |
_c63571 _d63571 |
||